000 01077nam a2200277 i 4500
001 bg
245 0 0 _aZiemie zachodnie, Polska-Niemcy, integracja europejska :
_bksięga pamiątkowa z okazji siedemdziesiątej rocznicy urodzin prof. dra hab. Hieronima Szczegóły /
_cred. nauk. Czesław Osękowski.
260 _aZielona Góra :
_bUniwersytet Zielonogórski,
_c2001.
300 _a542 s. :
_b1 portr. ;
_c24 cm.
500 _aTekst częściowo niem.
600 1 9 _aSzczegóła, Hieronim (1931-)
650 9 _aIntegracja europejska
_xzagadnienia
650 9 _aPolska a Niemcy
_xzagadnienia
650 9 _aNiemcy a Polska
_xzagadnienia
650 9 _aRegiony przygraniczne
_xhistoria
_zNiemcy
650 9 _aRegiony przygraniczne
_xhistoria
_zPolska
655 _aksięga pamiątkowa
020 _a8372680558
040 _cBPK
041 w _aplde
080 _a94(438-04):94(430-04)+327.39(4)
920 _a83-7268-055-8
942 _cKS
008 s pl f |000 0 pol
999 _c40300
_d40300
856 _uhttp://koha.tu.koszalin.pl/cgi-bin/koha/opac-detail.pl?biblionumber=40300
_yKatalog online BPK